000 00384 a2200145 4500
001 169819
020 _a
040 _cMagnum
100 _aAgencia Regional de Noticias
240 1 0 _aClipping em educacao - 02/04/01 a 08/04/01 - ano ii - nº 81
_lpor
245 1 0 _aClipping em educacao - 02/04/01 a 08/04/01 - ano ii - nº 81
362 0 _a1899
697 _aENSINO
942 _cBK
999 _c169819
_d169819